| 000 | 00749nam a22002295a 4500 | ||
|---|---|---|---|
| 008 | 081111t2004 ii a frb 001 0 eng d | ||
| 020 | _a8174732330 | ||
| 020 | _a9788174732330 | ||
| 040 |
_aEG-ScBUE _beng _cEG-ScBUE |
||
| 082 | 0 | 4 |
_a660.2 _bGOE _222 |
| 100 | 1 |
_aGoel, Neetu. _91063 |
|
| 245 | 1 | 0 |
_aConcise engineering chemistry : _bTheory and practicals / _cNeetu Goel, Sanjay Kumar |
| 260 |
_aNew Delhi: _bA.I.T.B.S. Publishers & Distributors, _c2004. |
||
| 300 |
_axxiii, 711 p.: _bill. ; _c24 cm. |
||
| 504 | _aIncludes bibliographical references. | ||
| 590 | _aMenna Elemam | ||
| 650 |
_aChemical engineering. _933537 _2BUEsh |
||
| 651 | _2BUEsh | ||
| 653 |
_bENGCHE _cAugust2015 |
||
| 700 | 1 | _tKumar, Sanjay. | |
| 942 |
_cBB _k660.2 GOE _2ddc |
||
| 999 |
_c1868 _d1868 |
||